000 01201nam a2200277Ia 4500
003 PE SENCICO BE
005 20251020182428.0
008 200515s9999 xx 000 0 und d
020 _a958-600-271-3
040 _aPE SENCICO BE
_cPE SENCICO BE
041 _aspa
082 _a363.73874
_bE75
100 1 _aErickson, Jon
_92351
_eautor
245 1 0 _aEl efecto invernadero :
_bel desastre de mañana, hoy /
_cJon Erickson
250 _a1a ed.
260 _aSantafé de Bogotá, D.C. :
_bMcGraw Hill ;
_c1994
300 _a217 p. :
_bil., tbl., graf, map. ;
_c21 cm.
490 _aMcGraw Hill de divulgación científica
505 0 _aEl primer invernadero -- El ciclo geológico -- El ciclo del agua -- Los agentes del clima -- Los combustibles fósiles -- La contaminación industrial -- La deforestación -- La agricultura -- La fusión de los casquetes polares -- El calentamiento global
520 _aExplica claramente que puede suceder en la Tierra si la humanidad continúa contaminando su medio ambiente.
650 1 0 _aEfecto invernadero
_92352
650 2 0 _aDeforestación
_91072
650 2 0 _aMedio ambiente
_92292
650 2 0 _aCalentamiento global
_92353
942 _cLIB
_2ddc
999 _c159
_d159